[Event "Online Olym Top DivD 2021"]
[Site "chess.com INT"]
[Date "2021.09.10"]
[Round "7.4"]
[Board "2"]
[White "Soysal, Serkan"]
[Black "Diamant, Andre"]
[Result "1-0"]
[WhiteTitle "IM"]
[BlackTitle "GM"]
[WhiteElo "2389"]
[BlackElo "2542"]
[WhiteTeam "Turkey"]
[BlackTeam "Brazil"]
[WhiteFideId "6349250"]
[BlackFideId "2108356"]
[EventDate "2021.09.08"]
[EventType "team"]

1. Nf3 c5 2. g3 Nf6 3. Bg2 Nc6 4. O-O g6 5. c3 d5 6. d4 Qa5 7. a3 Bg7 8. b4 cxb4
9. cxb4 Qd8 10. Nbd2 O-O 11. Bb2 Bf5 12. Rc1 Ne4 13. Nb3 Rc8 14. Nfd2 Nxd2 15.
Qxd2 b6 16. b5 Nb8 17. Rxc8 Bxc8 18. Rc1 Qd6 19. Qf4 Qxf4 20. gxf4 e6 21. a4 Bd7
22. Ba3 Rc8 23. Bd6 Rd8 24. Bxb8 Rxb8 25. Rc7 Be8 26. e3 Ra8 27. e4 dxe4 28.
Bxe4 Rb8 29. Rxa7 Bh6 30. d5 exd5 31. Bxd5 Bxf4 32. Nd4 Rd8 33. Nc6 Bxc6 34.
Bxf7+ Kg7 35. bxc6 Rd1+ 36. Kg2 Rc1 37. Bd5+ Kf6 38. Rxh7 Rc5 39. Bf3 Rc2 40.
Rd7 Be3 41. Bd5 Rxf2+ 42. Kg3 Rc2 43. c7 g5 44. Rf7+ Kg6 45. Kf3 Rc3 46. Ke4 Bf4
47. Re7 Rxc7 48. Re6+ Kg7 49. Rxb6 Bxh2 50. a5 Ra7 51. a6 Bf4 52. Bb7 Kf7 53.
Kd5 Ke7 54. Rg6 Kf7 55. Re6 Kg7 56. Kc6 Kf7 57. Re2 g4 58. Re4 Bb8 59. Rxg4 Ke6
60. Re4+ Kf5 61. Re8 Bh2 62. Re1 Be5 63. Kc5 Bc7 64. Kc6 Ba5 65. Rd1 Ke6 66.
Bc8+ Ke7 67. Bb7 Ke6 68. Kb5 Bc7 69. Rc1 Kd7 70. Rd1+ Ke7 71. Rd2 Bd8 72. Kc6
Ba5 73. Re2+ Kd8 74. Re5 Bc3 75. Rd5+ Ke7 76. Kb6 1-0

[Event "Online Olym Top DivD 2021"]
[Site "chess.com INT"]
[Date "2021.09.10"]
[Round "7.4"]
[Board "3"]
[White "Alboredo, Julia"]
[Black "Onur, Cigdem"]
[Result "1/2-1/2"]
[WhiteTitle "WFM"]
[BlackTitle "WCM"]
[WhiteElo "2183"]
[BlackElo "2015"]
[WhiteTeam "Brazil"]
[BlackTeam "Turkey"]
[WhiteFideId "2124807"]
[BlackFideId "6346030"]
[EventDate "2021.09.08"]
[EventType "team"]

1. d4 d5 2. c4 e6 3. Nc3 Nf6 4. cxd5 exd5 5. Bg5 c6 6. e3 Be7 7. Qc2 Nbd7 8. Bd3
h6 9. Bh4 Nb6 10. Nf3 Be6 11. O-O O-O 12. Rab1 Rc8 13. b4 Nh5 14. Bxe7 Qxe7 15.
a4 Rfd8 16. Rfc1 Nf6 17. Ne5 Ng4 18. Nxg4 Bxg4 19. h3 Be6 20. Qe2 Nd7 21. Qf3
Qf6 22. Qxf6 Nxf6 23. b5 c5 24. dxc5 Rxc5 25. Ne2 Rdc8 26. f3 Nd7 27. f4 Rxc1+
28. Rxc1 Nc5 29. Bc2 a6 30. Nd4 Bd7 31. bxa6 bxa6 32. Bf5 Ne6 33. Rxc8+ Bxc8 34.
Bxe6 fxe6 35. a5 Kf8 36. Kf2 Ke7 37. Ke2 Kd6 38. Kd3 Kc5 39. Kc3 Bd7 40. g4 Bc8
41. h4 e5 42. fxe5 Bxg4 43. Nb3+ Kc6 44. Kd4 g5 45. hxg5 hxg5 46. Nc5 Bc8 47.
Nd3 g4 48. Nf4 Bf5 49. Nxd5 g3 50. Nf4 Kb5 51. Kd5 Kxa5 52. e6 Kb4 53. e7 Bd7
54. Kd6 Be8 55. Nd5+ Kb3 56. Nf6 g2 57. Nxe8 g1=Q 58. Nc7 Qg3+ 59. Kd7 Qxe3 60.
Ne6 Qa7+ 61. Nc7 Qe3 62. Ne6 Qa7+ 63. Nc7 Qd4+ 64. Kc6 Qf6+ 65. Kd7 Qd4+ 66. Kc6
Qf6+ 67. Kd7 Qd4+ 1/2-1/2

[Event "Online Olym Top DivD 2021"]
[Site "chess.com INT"]
[Date "2021.09.10"]
[Round "7.4"]
[Board "4"]
[White "Sahin, Hayrun Nisa"]
[Black "Librelato, Kathie Goulart"]
[Result "0-1"]
[WhiteTitle "WCM"]
[BlackTitle "WIM"]
[WhiteElo "2019"]
[BlackElo "2165"]
[WhiteTeam "Turkey"]
[BlackTeam "Brazil"]
[WhiteFideId "6380875"]
[BlackFideId "2153963"]
[EventDate "2021.09.08"]
[EventType "team"]

1. e4 e5 2. Nf3 Nc6 3. Nc3 Nf6 4. Bb5 Nd4 5. Ba4 Bc5 6. d3 c6 7. O-O O-O 8. Nxd4
Bxd4 9. Ne2 Bb6 10. Ng3 d5 11. c3 h6 12. h3 Re8 13. Qe2 Be6 14. Bb3 Qd7 15. Kh2
Rad8 16. Nh5 Nxh5 17. Qxh5 dxe4 18. dxe4 Bxb3 19. axb3 Qd3 20. Be3 Qxe4 21. Bxb6
axb6 22. Rae1 Qf4+ 23. g3 Qf6 24. Re2 e4 25. Rfe1 Rd5 26. Qg4 Rf5 27. Rxe4 Rxf2+
28. Kg1 Rxe4 29. Qxe4 Rxb2 30. Qe8+ Kh7 31. Rf1 Qg6 32. Qe5 Qc2 33. Qf5+ Qxf5
34. Rxf5 Kg6 0-1

[Event "Online Olym Top DivD 2021"]
[Site "chess.com INT"]
[Date "2021.09.10"]
[Round "7.4"]
[Board "5"]
[White "Labussiere, Victor"]
[Black "Gurel, Ediz"]
[Result "0-1"]
[WhiteTitle "FM"]
[BlackTitle "FM"]
[WhiteElo "2291"]
[BlackElo "2353"]
[WhiteTeam "Brazil"]
[BlackTeam "Turkey"]
[WhiteFideId "2183129"]
[BlackFideId "44507356"]
[EventDate "2021.09.08"]
[EventType "team"]

1. Nf3 Nf6 2. c4 c5 3. Nc3 Nc6 4. d4 cxd4 5. Nxd4 g6 6. e4 d6 7. Be2 Bg7 8. Be3
O-O 9. O-O Nxd4 10. Bxd4 Be6 11. Rc1 Rc8 12. b3 a6 13. Qd2 Qa5 14. Qb2 Ne8 15.
Bxg7 Nxg7 16. Rfd1 Ne8 17. Nd5 Bxd5 18. Rxd5 Qc7 19. e5 e6 20. exd6 Nxd6 21. Rd3
Ne4 22. Bf3 Nc5 23. Rd2 a5 24. Rcd1 Rfd8 25. g3 b6 26. h4 h5 27. Qf6 Rxd2 28.
Rxd2 a4 29. bxa4 Nxa4 30. Bd1 Nc5 31. Rd4 Ra8 32. Bf3 Re8 33. Rd1 Qa7 34. Qb2
Qc7 35. Rb1 Rb8 36. Qb5 Qd6 37. Qb2 Qd3 38. Kg2 Qxc4 39. Qe5 Re8 40. Qc7 Qxa2
41. Rf1 Qb3 42. Rd1 Rf8 43. Rd6 Qa3 44. Rxb6 Nd3 45. Be2 Ne1+ 46. Kh2 Qa2 47.
Qe5 Rd8 48. Rb2 Qd5 49. Qxd5 Rxd5 50. Kg1 Kg7 51. Rb3 Nc2 52. Bf3 Re5 53. Rc3
Nd4 54. Kg2 Kf6 55. Ra3 Rc5 56. Rd3 Nc2 57. Rd1 e5 58. Be4 Nd4 59. Bd3 Rc3 60.
Kf1 Kg7 61. Kg2 f5 62. Bb1 Kf6 63. Bd3 Rb3 64. Kf1 Rb2 65. Bc4 Rc2 66. Bd3 Rc3
67. Bb1 Ne6 68. Ba2 Nd4 69. Bb1 Rc4 70. Ba2 Ra4 71. Rd2 e4 72. Rb2 Ke5 73. Ke1
Ra3 74. Kf1 f4 75. gxf4+ Kxf4 76. Kg2 Nf3 77. Kf1 Rc3 78. Ke2 Rc1 0-1

[Event "Online Olym Top DivD 2021"]
[Site "chess.com INT"]
[Date "2021.09.10"]
[Round "7.4"]
[Board "6"]
[White "Can, Isil"]
[Black "Frattini, Beatriz Maria"]
[Result "0-1"]
[WhiteTitle "WCM"]
[BlackTitle "WCM"]
[WhiteElo "1945"]
[BlackElo "1847"]
[WhiteTeam "Turkey"]
[BlackTeam "Brazil"]
[WhiteFideId "34505733"]
[BlackFideId "22715002"]
[EventDate "2021.09.08"]
[EventType "team"]

1. e4 c5 2. Nf3 e6 3. d4 cxd4 4. Nxd4 Nf6 5. Nc3 d6 6. Bd3 Nc6 7. Nb3 Be7 8. O-O
O-O 9. f4 Bd7 10. Qf3 a6 11. a4 Na5 12. Nd4 Qc7 13. Kh1 Nc6 14. Be3 Rfe8 15. Qg3
Bf8 16. Nxc6 Bxc6 17. e5 dxe5 18. fxe5 Nd5 19. Nxd5 Bxd5 20. Rf4 Rad8 21. Raf1
Rd7 22. Rh4 g6 23. Qh3 h5 24. Bg5 Bg7 25. Bf6 Bxf6 26. exf6 Qc5 27. Qg3 Bc6 28.
Bxg6 fxg6 29. Qxg6+ Kf8 30. Qh6+ Kg8 31. f7+ Rxf7 32. Qg6+ Rg7 33. Qxe8+ Bxe8 0-1

[Event "Online Olym Top DivD 2021"]
[Site "chess.com INT"]
[Date "2021.09.10"]
[Round "7.5"]
[Board "1"]
[White "Bok, Benjamin"]
[Black "Jones, Gawain C B"]
[Result "1/2-1/2"]
[WhiteTitle "GM"]
[BlackTitle "GM"]
[WhiteElo "2619"]
[BlackElo "2684"]
[WhiteTeam "Netherlands"]
[BlackTeam "England"]
[WhiteFideId "1017063"]
[BlackFideId "409561"]
[EventDate "2021.09.08"]
[EventType "team"]

1. d4 Nf6 2. c4 g6 3. Nf3 Bg7 4. g3 O-O 5. Bg2 d6 6. Nc3 c5 7. O-O Nc6 8. dxc5
dxc5 9. Bf4 Be6 10. Ne5 Rc8 11. Rc1 Qa5 12. Nxc6 bxc6 13. Qa4 Qb6 14. Qc2 Qa5
15. b3 Rfd8 16. Na4 Nh5 17. Bg5 Rd7 18. Rfd1 Bf5 19. Be4 Bxe4 20. Qxe4 Rd4 21.
Qxe7 Bf8 22. Qb7 Rc7 23. Qa8 Rcd7 24. Rxd4 cxd4 25. c5 Qc7 26. Qe8 h6 27. Nb6
axb6 28. cxb6 Qb7 29. Bxh6 Ng7 30. Bxg7 Kxg7 31. a4 Bb4 32. a5 Re7 33. Qd8 Bxa5
34. Qxd4+ f6 35. Qd6 Rd7 36. Qxc6 Bxb6 37. e3 Qxc6 38. Rxc6 Rb7 39. Rd6 Bc5 40.
Rd5 Be7 41. Rd3 f5 42. Kg2 Kf6 43. h4 Ke5 44. Kf3 Rb4 45. Rc3 Bd6 46. Rd3 Ke6
47. Rc3 Be5 48. Rd3 Bf6 49. Kg2 Be5 50. Kf3 Bd6 51. Kg2 Kd7 52. Kf3 Ke7 53. Kg2
Ke6 54. Kf3 Ke5 55. Kg2 Rb5 56. Kf3 Ba3 57. Rc3 Rb6 58. Rd3 Bb2 59. g4 Rb4 60.
gxf5 Kxf5 61. Kg3 Be5+ 62. f4 Ke4 63. Rd8 Bf6 64. Re8+ Kd5 65. Kg4 Rxb3 66. e4+
Kd6 67. e5+ Kd7 68. Rg8 Be7 69. Rxg6 Rb1 70. h5 Ke8 71. h6 Rh1 72. f5 Bf8 73.
Kg5 Ke7 74. Ra6 Rg1+ 75. Kf4 Rf1+ 76. Ke4 Re1+ 77. Kd5 Rd1+ 78. Kc4 Rc1+ 79. Kd3
Rd1+ 80. Ke2 Rh1 81. Ra7+ Ke8 82. h7 Be7 83. f6 Rxh7 84. fxe7 Rxe7 85. Ra5 Rb7
86. Ke3 Rb4 87. Rd5 Ke7 88. Rd4 Rxd4 89. Kxd4 Ke6 90. Ke4 Ke7 91. Kd5 Kd7 92.
e6+ Ke7 93. Ke5 Ke8 94. Kd6 Kd8 95. e7+ Ke8 96. Ke6 1/2-1/2

[Event "Online Olym Top DivD 2021"]
[Site "chess.com INT"]
[Date "2021.09.10"]
[Round "7.5"]
[Board "3"]
[White "Lanchava, Tea"]
[Black "Varney, Zoe"]
[Result "1-0"]
[WhiteTitle "IM"]
[BlackTitle "WCM"]
[WhiteElo "2214"]
[BlackElo "1917"]
[WhiteTeam "Netherlands"]
[BlackTeam "England"]
[WhiteFideId "1005308"]
[BlackFideId "436135"]
[EventDate "2021.09.08"]
[EventType "team"]

1. c4 c6 2. e3 Nf6 3. Nf3 d5 4. b3 e6 5. Bb2 Nbd7 6. a3 Bd6 7. d4 Qc7 8. Nc3 O-O
9. cxd5 Nxd5 10. Bd3 Re8 11. O-O Nxc3 12. Bxc3 e5 13. Qc2 h6 14. h3 exd4 15.
Nxd4 Nf6 16. b4 Nd5 17. Bb2 Be5 18. Rac1 Qe7 19. b5 cxb5 20. Nxb5 Bxb2 21. Qxb2
Bd7 22. Nd4 f6 23. Qxb7 Nxe3 24. Rce1 Qxa3 25. fxe3 Qxd3 26. Qxd7 Rad8 27. Qc7
Rc8 28. Qg3 Rb8 29. Nf5 Rb7 30. Nxh6+ Kh7 31. Nf5 Rc8 32. Nd6 1-0

[Event "Online Olym Top DivD 2021"]
[Site "chess.com INT"]
[Date "2021.09.10"]
[Round "7.5"]
[Board "4"]
[White "Kueh, Audrey"]
[Black "Keetman, Maaike"]
[Result "1-0"]
[BlackTitle "WFM"]
[WhiteElo "2080"]
[BlackElo "2136"]
[WhiteTeam "England"]
[BlackTeam "Netherlands"]
[WhiteFideId "421596"]
[BlackFideId "1033697"]
[EventDate "2021.09.08"]
[EventType "team"]

1. e4 e6 2. d4 d5 3. Nd2 Be7 4. Bd3 c5 5. exd5 Qxd5 6. dxc5 Nf6 7. Ngf3 Bxc5 8.
Qe2 Nc6 9. Ne4 Nxe4 10. Bxe4 Qd6 11. O-O Bd7 12. Rd1 Qc7 13. Qb5 Bb6 14. Qg5 f5
15. Bf4 e5 16. Bxc6 Bxc6 17. Bxe5 Qe7 18. Qxf5 Rf8 19. Qxh7 Bxf3 20. Qg6+ Rf7
21. gxf3 Qh4 22. Bg3 Qc4 23. b3 Qc3 24. Re1+ Kf8 25. Qh7 Rxf3 26. Bd6+ Kf7 27.
Re7+ Kf6 28. Qxg7+ Kf5 29. Re5+ Kf4 30. Qg5# 1-0

[Event "Online Olym Top DivD 2021"]
[Site "chess.com INT"]
[Date "2021.09.10"]
[Round "7.5"]
[Board "5"]
[White "Kevlishvili, Robby"]
[Black "Derakhshani, Borna"]
[Result "1-0"]
[WhiteTitle "GM"]
[BlackTitle "FM"]
[WhiteElo "2506"]
[BlackElo "2353"]
[WhiteTeam "Netherlands"]
[BlackTeam "England"]
[WhiteFideId "1040634"]
[BlackFideId "12518450"]
[EventDate "2021.09.08"]
[EventType "team"]

1. e4 c6 2. Nf3 d5 3. Nc3 dxe4 4. Nxe4 Nf6 5. Qe2 Nxe4 6. Qxe4 Qa5 7. Qf4 Qf5 8.
Qe3 Qe6 9. b3 Qxe3+ 10. fxe3 f6 11. Bb2 Nd7 12. O-O-O Nb6 13. Be2 Bd7 14. Rhf1
O-O-O 15. Nd4 e5 16. Nf5 g6 17. Ng3 Bg7 18. Ne4 Bf5 19. Nxf6 Bxf6 20. g4 Bxc2
21. Kxc2 Nd5 22. g5 Bg7 23. Rf7 Rhg8 24. Bg4+ Kb8 25. Rxg7 Rxg7 26. Bxe5+ Rc7
27. Rf1 Nb4+ 28. Kb1 Nd3 29. Bg3 1-0

[Event "Online Olym Top DivD 2021"]
[Site "chess.com INT"]
[Date "2021.09.10"]
[Round "7.5"]
[Board "6"]
[White "Kalaiyalahan, Akshaya"]
[Black "Roebers, Eline"]
[Result "1-0"]
[WhiteTitle "FM"]
[WhiteElo "2149"]
[BlackElo "2297"]
[WhiteTeam "England"]
[BlackTeam "Netherlands"]
[WhiteFideId "422894"]
[BlackFideId "1058401"]
[EventDate "2021.09.08"]
[EventType "team"]

1. Nf3 f5 2. d3 Nf6 3. e4 d6 4. exf5 Bxf5 5. d4 Qd7 6. Be2 Nc6 7. O-O g6 8. c4
Bg7 9. Nc3 O-O 10. d5 Nd8 11. Nd4 e5 12. dxe6 Bxe6 13. Nxe6 Nxe6 14. Bf3 c6 15.
Be3 Qc7 16. Qd2 Rad8 17. Rad1 a6 18. Rc1 Nd7 19. Bg4 Rde8 20. f4 Nec5 21. b4 Ne4
22. Nxe4 Rxe4 23. Bf3 Re7 24. Bd4 Bh6 25. g3 Ne5 26. Bg2 Ng4 27. h3 Nf6 28. Rce1
Nh5 29. Bf2 Rfe8 30. Rxe7 Rxe7 31. Bf3 Ng7 32. Bg4 Ne8 33. Qd4 Bg7 34. Qd3 Nf6
35. Bf3 d5 36. cxd5 Rd7 37. Qe2 cxd5 38. Qe6+ Kh8 39. Re1 Rd8 40. Bd4 Qc6 41.
Bxf6 Bxf6 42. Qxc6 bxc6 43. Re6 Bd4+ 44. Kg2 Rb8 45. Rxc6 Rxb4 46. Rc8+ Kg7 47.
Rc7+ Kh8 48. Bxd5 Rb2+ 49. Kf3 Bb6 50. Rb7 Rf2+ 51. Kg4 Bd4 52. Kg5 Rb2 53. Rd7
Rb8 54. Kh6 1-0

[Event "Online Olym Top DivD 2021"]
[Site "chess.com INT"]
[Date "2021.09.10"]
[Round "8.1"]
[Board "1"]
[White "Arenas, David"]
[Black "Adams, Michael"]
[Result "0-1"]
[WhiteTitle "GM"]
[BlackTitle "GM"]
[WhiteElo "2455"]
[BlackElo "2716"]
[WhiteTeam "Colombia"]
[BlackTeam "England"]
[WhiteFideId "4403177"]
[BlackFideId "400041"]
[EventDate "2021.09.08"]
[EventType "team"]

1. e4 e5 2. Nf3 Nc6 3. Bb5 a6 4. Ba4 Nf6 5. O-O Be7 6. Re1 b5 7. Bb3 O-O 8. d4
d6 9. c3 Bg4 10. d5 Na5 11. Bc2 c6 12. h3 Bc8 13. dxc6 Qc7 14. Nbd2 Qxc6 15. Nf1
Nc4 16. Ng3 Re8 17. a4 Bd7 18. b3 Na5 19. Bd2 Bd8 20. axb5 axb5 21. Nh4 g6 22.
Qf3 Be6 23. Bg5 Nd7 24. Bxd8 Rexd8 25. Qe3 Nxb3 26. Bxb3 Bxb3 27. Nhf5 Kh8 28.
Rxa8 Qxa8 29. Nxd6 Qb8 30. c4 Bxc4 31. Nxc4 bxc4 32. Rd1 Qc7 33. Ne2 Nf6 34. Rc1
Kg7 35. Ng3 h6 36. Qc3 Rd4 37. f3 Qd6 38. Ne2 Rd2 39. Qxc4 Qb6+ 40. Kf1 Nh5 41.
Qc5 Qb2 42. g4 Rxe2 43. gxh5 Rh2 0-1

[Event "Online Olym Top DivD 2021"]
[Site "chess.com INT"]
[Date "2021.09.10"]
[Round "8.1"]
[Board "2"]
[White "McShane, Luke J"]
[Black "Martinez Romero, Martin"]
[Result "1-0"]
[WhiteTitle "GM"]
[BlackTitle "IM"]
[WhiteElo "2674"]
[BlackElo "2409"]
[WhiteTeam "England"]
[BlackTeam "Colombia"]
[WhiteFideId "404853"]
[BlackFideId "4404025"]
[EventDate "2021.09.08"]
[EventType "team"]

1. e4 c5 2. Nf3 e6 3. g3 Nc6 4. Bg2 Nge7 5. O-O g6 6. d4 cxd4 7. Nxd4 Bg7 8. Be3
O-O 9. Nc3 a6 10. Qd2 b5 11. Nxc6 dxc6 12. Rad1 Qxd2 13. Rxd2 e5 14. Rfd1 Be6
15. Ne2 Rfe8 16. Nc1 a5 17. Nd3 Red8 18. Nc5 Rxd2 19. Rxd2 Bxa2 20. b3 a4 21.
Rd1 axb3 22. cxb3 Bf8 23. Ra1 Nc8 24. Nd3 Ra3 25. Nc1 Bxb3 26. Rxa3 Bxa3 27.
Nxb3 Nd6 28. Bh3 Nxe4 29. Bd7 Nc3 30. Bxc6 Be7 31. Kf1 b4 32. Bd2 f5 33. Nc1 e4
34. Ne2 Bf6 35. Nxc3 bxc3 36. Be3 Kg7 37. Ke2 g5 38. Kd1 h5 39. Bd7 Kg6 40. Be8+
Kh6 41. h4 f4 42. hxg5+ Kxg5 43. Bxf4+ Kg4 44. Ke2 h4 45. Bd7+ Kh5 46. Be8+ Kg4
47. Bd7+ Kh5 48. g4+ Kg6 49. Bf5+ Kf7 50. Bxe4 h3 51. Kf3 1-0

[Event "Online Olym Top DivD 2021"]
[Site "chess.com INT"]
[Date "2021.09.10"]
[Round "8.1"]
[Board "3"]
[White "Franco Valencia, Angela"]
[Black "Head, Louise"]
[Result "1/2-1/2"]
[WhiteTitle "WIM"]
[BlackTitle "WFM"]
[WhiteElo "2089"]
[BlackElo "2090"]
[WhiteTeam "Colombia"]
[BlackTeam "England"]
[WhiteFideId "4403070"]
[BlackFideId "424773"]
[EventDate "2021.09.08"]
[EventType "team"]

1. e4 c6 2. d4 d5 3. Nc3 dxe4 4. Nxe4 Nd7 5. Nf3 Ngf6 6. Ng3 e6 7. Bd3 c5 8. Qe2
Be7 9. O-O O-O 10. c3 cxd4 11. Nxd4 Nc5 12. Bc2 a6 13. Bg5 Qd5 14. Bxf6 Bxf6 15.
Rad1 Qe5 16. Qf3 Qc7 17. b4 Nd7 18. Nh5 Be5 19. Qd3 g6 20. Nf3 Qxc3 21. Nxe5
Qxe5 22. Ng3 Nb6 23. Rfe1 Qg7 24. Qd6 Nd5 25. Ne4 b5 26. Bb3 Bb7 27. Nc5 Rab8
28. Nxb7 Rxb7 29. Bxd5 exd5 30. Qxa6 Rbb8 31. Rxd5 Qc3 32. Red1 Qxb4 33. h3 Rfe8
34. Qf6 Qe7 35. Qxe7 Rxe7 36. Rb1 b4 37. a3 Reb7 38. axb4 Rxb4 39. Rxb4 Rxb4 40.
g3 1/2-1/2

[Event "Online Olym Top DivD 2021"]
[Site "chess.com INT"]
[Date "2021.09.10"]
[Round "8.1"]
[Board "4"]
[White "Varney, Zoe"]
[Black "Castrillon Gomez, Melissa"]
[Result "0-1"]
[WhiteTitle "WCM"]
[BlackTitle "WIM"]
[WhiteElo "1917"]
[BlackElo "2212"]
[WhiteTeam "England"]
[BlackTeam "Colombia"]
[WhiteFideId "436135"]
[BlackFideId "4402413"]
[EventDate "2021.09.08"]
[EventType "team"]

1. e4 c5 2. c3 d5 3. exd5 Qxd5 4. d4 Nc6 5. Nf3 Nf6 6. Be2 Bf5 7. c4 Qd8 8. d5
Nb4 9. O-O e6 10. Nc3 Be7 11. Ne5 O-O 12. g4 Bc2 13. Qd2 Bd6 14. f4 Ne4 15. Nxe4
Bxe4 16. dxe6 fxe6 17. Qe3 Bxe5 18. Qxe4 Qd4+ 19. Qxd4 Bxd4+ 20. Kg2 Rad8 21.
Bf3 b6 22. a3 Nd3 23. Rb1 Nxc1 24. Rfxc1 Rxf4 25. b4 Kf7 26. Kg3 Be5 27. Re1 Bc7
28. Kg2 Rxc4 29. h3 Rd2+ 30. Re2 Rxe2+ 31. Bxe2 Rc2 32. Rf1+ Ke7 33. Re1 cxb4
34. axb4 Bd6 35. Kf3 Bxb4 36. Ra1 a5 37. Rd1 Rc3+ 0-1

[Event "Online Olym Top DivD 2021"]
[Site "chess.com INT"]
[Date "2021.09.10"]
[Round "8.1"]
[Board "5"]
[White "Avila Pavas, Santiago"]
[Black "Derakhshani, Borna"]
[Result "1-0"]
[WhiteTitle "IM"]
[BlackTitle "FM"]
[WhiteElo "2395"]
[BlackElo "2353"]
[WhiteTeam "Colombia"]
[BlackTeam "England"]
[WhiteFideId "4437128"]
[BlackFideId "12518450"]
[EventDate "2021.09.08"]
[EventType "team"]

1. d4 Nf6 2. Nf3 d5 3. Bg5 Ne4 4. Bf4 e6 5. Nbd2 c5 6. e3 Nc6 7. Nxe4 dxe4 8.
Ne5 Nxe5 9. Bxe5 f6 10. Bg3 Qb6 11. Be2 cxd4 12. Qxd4 Qxd4 13. exd4 g5 14. h4
Bg7 15. hxg5 fxg5 16. O-O-O Bd7 17. Rhe1 Rc8 18. Bh5+ Ke7 19. Rxe4 Rc4 20. Be2
Ra4 21. Kb1 Bc6 22. Rg4 Bf6 23. d5 Rxg4 24. d6+ Kd7 25. Bxg4 h5 26. Bf3 h4 27.
Bxc6+ bxc6 28. Bh2 e5 29. f3 h3 30. g4 Rf8 31. c4 Bg7 32. Rd3 c5 33. Kc2 a5 34.
b3 a4 35. bxa4 Rb8 36. Rb3 Ra8 37. Ra3 Kxd6 38. a5 Ra6 39. Kd3 Ke6 40. Ke4 Bf6
41. Bg3 Bd8 42. Bxe5 Rxa5 43. Rxa5 Bxa5 44. f4 Bc3 45. f5+ Ke7 46. Bg3 Bd4 47.
Kf3 Kf6 48. a4 Bc3 49. Bd6 Bb4 50. Kg3 1-0

[Event "Online Olym Top DivD 2021"]
[Site "chess.com INT"]
[Date "2021.09.10"]
[Round "8.1"]
[Board "6"]
[White "Kalaiyalahan, Akshaya"]
[Black "Hernandez Bermudez, Manuela"]
[Result "1-0"]
[WhiteTitle "FM"]
[WhiteElo "2149"]
[BlackElo "1921"]
[WhiteTeam "England"]
[BlackTeam "Colombia"]
[WhiteFideId "422894"]
[BlackFideId "4483103"]
[EventDate "2021.09.08"]
[EventType "team"]

1. Nf3 Nf6 2. g3 g6 3. d4 Bg7 4. c4 O-O 5. Bg2 d5 6. cxd5 Nxd5 7. Nc3 c5 8. O-O
Nc6 9. Nxd5 Qxd5 10. dxc5 Qxc5 11. Qa4 Rd8 12. a3 Bd7 13. Be3 Qa5 14. Qb3 Rac8
15. Rac1 h6 16. Rfd1 Qa6 17. Rd2 Be6 18. Qd1 Rxd2 19. Qxd2 Rd8 20. Qc2 Qb5 21.
b4 a5 22. bxa5 Qxa5 23. Rb1 Bf5 24. Qb3 Bxb1 25. Qxb1 Qxa3 26. Qxb7 Qa1+ 27. Bf1
Rd1 28. Nd2 Ne5 29. Qxe7 Nc4 30. Qe8+ Kh7 31. Nxc4 Rxf1+ 32. Kg2 Rh1 33. Qxf7
Qf1+ 34. Kf3 Rxh2 35. Bd4 Qh1+ 36. Ke3 Qc1+ 37. Nd2 Qa3+ 38. Nb3 Qf8 39. Qxg7+
Qxg7 40. Bxg7 Kxg7 41. Kf3 Rh1 42. Nc5 Ra1 43. e4 Ra5 44. Ne6+ Kf6 45. Nf4 Ra3+
46. Kg2 g5 47. Nh5+ Kg6 48. g4 Ra4 49. f3 Ra2+ 50. Kg1 Kf7 51. Ng3 Ra6 52. Nf5
Rf6 53. Kf2 Ke6 54. Kg3 Ke5 55. Ne7 Ra6 56. Nf5 Rb6 57. Ne7 Kd4 58. Nf5+ Kd3 59.
Kg2 Ra6 60. Kg3 Ke2 61. Kg2 Kd3 62. Kg3 Rb6 63. Kg2 Ke2 64. Kg3 Rb1 65. Nd4+ Kd3
66. Nf5 Ke2 67. Nd4+ Kd3 68. Nf5 Rg1+ 69. Kf2 Rh1 70. Kg2 Ra1 71. Nxh6 Ra2+ 72.
Kg3 Ra3 73. Nf7 Ra4 74. Nxg5 Ra3 75. Kf4 Kd4 76. Ne6+ Kd3 77. g5 Ke2 78. Nd4+
Kd3 79. Nf5 Ke2 80. Nh4 Kf2 81. g6 Ra7 82. Nf5 Ra3 83. g7 Rxf3+ 84. Ke5 1-0

[Event "Online Olym Top DivD 2021"]
[Site "chess.com INT"]
[Date "2021.09.10"]
[Round "8.2"]
[Board "1"]
[White "Gokerkan, Cem Kaan"]
[Black "Bok, Benjamin"]
[Result "1-0"]
[WhiteTitle "IM"]
[BlackTitle "GM"]
[WhiteElo "2465"]
[BlackElo "2619"]
[WhiteTeam "Turkey"]
[BlackTeam "Netherlands"]
[WhiteFideId "6336760"]
[BlackFideId "1017063"]
[EventDate "2021.09.08"]
[EventType "team"]

1. e4 e5 2. Nf3 Nc6 3. Bc4 Bc5 4. c3 Nf6 5. d4 exd4 6. cxd4 Bb4+ 7. Nbd2 Nxe4 8.
d5 Ne7 9. O-O Bxd2 10. Nxd2 Nxd2 11. Bxd2 d6 12. Rc1 O-O 13. Bb3 Bf5 14. Re1 Re8
15. Qf3 Qd7 16. Qc3 c5 17. dxc6 Nxc6 18. Red1 d5 19. Be3 Be6 20. Ba4 Rac8 21.
Bf4 d4 22. Qg3 Bf5 23. h4 h5 24. Rc5 d3 25. Kh2 Bg6 26. Rg5 a6 27. a3 Kh7 28.
Bc2 Nb4 29. Bb1 Nc2 30. Be5 Rxe5 31. Rxe5 Qd4 32. Re7 Qxb2 33. f4 Qf6 34. Rxb7
Rc4 35. Rxd3 Rxf4 36. Bxc2 Rxh4+ 37. Kg1 Rg4 38. Qf2 Qc6 39. Rxf7 Be4 40. Rd2
Kh6 41. Bxe4 Qxe4 42. Rf3 Qb1+ 43. Qf1 Qb6+ 44. Rdf2 Qc5 45. Qe1 Qc6 46. Rc3 Qg6
47. Qc1+ Kh7 48. Qc2 1-0

[Event "Online Olym Top DivD 2021"]
[Site "chess.com INT"]
[Date "2021.09.10"]
[Round "8.2"]
[Board "2"]
[White "Van den Doel, Erik"]
[Black "Soysal, Serkan"]
[Result "1-0"]
[WhiteTitle "GM"]
[BlackTitle "IM"]
[WhiteElo "2599"]
[BlackElo "2389"]
[WhiteTeam "Netherlands"]
[BlackTeam "Turkey"]
[WhiteFideId "1003720"]
[BlackFideId "6349250"]
[EventDate "2021.09.08"]
[EventType "team"]

1. e4 c5 2. Nf3 a6 3. c3 e6 4. d4 d5 5. e5 Bd7 6. Bd3 cxd4 7. Nxd4 Nc6 8. Nxc6
Bxc6 9. O-O Bc5 10. Nd2 Ne7 11. Nb3 Bb6 12. Qe2 O-O 13. Kh1 Qd7 14. Bg5 h6 15.
Bxe7 Qxe7 16. f4 f5 17. exf6 Qxf6 18. Nd4 Bd7 19. Nf3 Bc7 20. g3 Rae8 21. Rae1
Bc6 22. Nd4 Bd7 23. Bc2 g6 24. a4 Qg7 25. Qd3 g5 26. f5 exf5 27. Rxe8 Rxe8 28.
Nxf5 Bxf5 29. Qxf5 Rf8 30. Qxd5+ Kh8 31. Re1 Bb6 32. Qe4 Qf7 33. Qe5+ Qf6 34.
Qxf6+ Rxf6 35. Be4 Re6 36. Kg2 g4 37. h3 gxh3+ 38. Kxh3 Bc7 39. Re2 a5 40. Kg2
b6 41. g4 Re7 42. Kf3 Kg7 43. Rd2 Kf6 44. Rd5 Re5 45. Rd7 Re7 46. Rd3 Re8 47.
Rd4 Re5 48. b4 axb4 49. cxb4 Re7 50. Rc4 Ke5 51. a5 bxa5 52. bxa5 Rf7+ 53. Ke3
Kd6 54. Rc6+ Kd7 55. a6 Rf1 56. Rxc7+ Kxc7 57. a7 Re1+ 58. Kf3 Ra1 59. a8=Q Rxa8
60. Bxa8 Kd6 61. Kg3 Ke6 62. Kh4 Kf6 63. Kh5 Kg7 64. Be4 1-0